000 00897nam2a22002411 4500
001 rc\992955
005 20250621233747.0
035 _a(NLR Aleph) 005979188
090 _a7010487
_c7010487
100 _a20041129d1981 |||y0rusy50 ca
101 0 _arus
102 _aRU
105 _aa |||||||||
200 0 _a1979
210 _d1981
_aБ. м.
215 _a357 с.
_cил.
300 _aПеревод изд.: The year book of cardiology, 1979 (Chicago, London)
461 0 _1001rc\1189315
_12001#$aЕжегодник по кардиологии$e[Пер. с англ.]$fПод ред. В. Харвея и др.$v1979
_96961824
_cМ.
_d1981
_fПод ред. В. Харвея и др.
_nМедицина
_o[Пер. с англ.]
_tЕжегодник по кардиологии
_v1979
801 0 _aRU
_bNLR
_gpsbo
801 1 _aRU
_bELAR
_2rusmarc
852 _aNLR
_j82-5/1804
942 _cBOOK
980 _aNB